Countries in the Most Continents Quiz Stats

 Plays Quiz not verified by Sporcle

Support Sporcle.
Go Orange.
Score 0/28 Timer 08:00
0 Plays Today
Number of Continents Country % Correct
2Russia
95.4%
2Turkey
93.5%
7United Kingdom
92.6%
6France
90.7%
2United States of America
90.7%
2Spain
84.3%
3Portugal
76.9%
2Denmark
76.9%
2Egypt
75.9%
3Australia
75.9%
2Indonesia
72.2%
2Japan
71.3%
2Norway
69.4%
3Netherlands
68.5%
Number of Continents Country % Correct
2Kazakhstan
66.7%
2Chile
65.7%
2Panama
63.9%
2Georgia
63%
2Italy
63%
2Azerbaijan
61.1%
2Papua New Guinea
57.4%
2Colombia
55.6%
2Greece
52.8%
2Malaysia
51.9%
2Philippines
48.1%
2Venezuela
47.2%
2Iceland
44.4%
2Yemen
43.5%

You're not logged in!

Compare scores with friends on all Sporcle quizzes.
OR
Log In

From the Vault

Musician Anagrams

by SporcleAdmin

As the week gets later, often the brain gets scrambled, perhaps that will help with this quiz.
Remove Ads.
Support Sporcle.
Get the best of Sporcle when you Go Orange. This ad-free experience offers more features, more stats, and more fun while also helping to support Sporcle. Thank you for becoming a member.

Show Comments

Extras

Top Quizzes Today


Score Distribution

Your Account Isn't Verified!

In order to create a playlist on Sporcle, you need to verify the email address you used during registration. Go to your Sporcle Settings to finish the process.

Report this User

Report this user for behavior that violates our Community Guidelines.

Details: